000 00438nam a2200181Ia 4500
001 19706
005 20260306172712.0
008 260306t2005||||xx |||||||||||||| ||spa||
041 _aESP
082 _a341
_bH46
100 _aHerrera, Daniel A.
_eAUT
245 0 _aLa nocion del derecho en Villey y Kalinowsky
260 _c2005
300 _a469 páginas :
_c21 cm.
650 _aGEN
654 _aCDE
942 _cLIB
_dJUS
_fJUS
_2ddc
_n
999 _c19706
_d19706